Korean literature through the Korean wave (Record no. 10)
[ view plain ]
| 000 -Trường điều khiển | |
|---|---|
| 00755nam a2200241 a 4500 | |
| 005 - Thời gian thao tác lần cuối với biểu ghi | |
| 20240524071240.0 | |
| 008 - Trường có độ dài cố định -- Thông tin chung tài liệu | |
| 211223s2020 enk 000 0 eng d | |
| 020 ## - Số sách chuẩn quốc tế ISBN | |
| Số ISBN | 9780367225315 |
| 040 ## - Thông tin cơ quan biên mục | |
| Cơ quan biên mục gốc | DLC |
| Ngôn ngữ biên mục | eng |
| Quy tắc mô tả | AACR2 |
| 041 0# - Mã ngôn ngữ | |
| Mã ngôn ngữ của chính văn | eng |
| 082 04 - Ký hiệu phân loại DDC | |
| Chỉ số DDC | 04 895.709 |
| 100 1# - Tiêu đề chính -- Tên cá nhân | |
| Họ tên cá nhân | Kiaer, Jieun |
| 245 10 - Nhan đề chính | |
| Nhan đề chính | Korean literature through the Korean wave |
| Thông tin trách nhiệm | / Jieun Kiaer and Anna Yates-Lu |
| 260 ## - Địa chỉ xuất bản | |
| Nơi xuất bản | London |
| Nhà xuất bản | : Routledge, Taylor & Francis Group |
| Năm xuất bản | , 2020 |
| 300 ## - Mô tả vật lý | |
| Độ lớn/Số trang | ix, 240 pages. |
| Kích thước, khổ cỡ | ; 26 cm |
| 490 ## - Thông tin tùng thư | |
| Routledge studies in East Asian translation | |
| 504 ## - Phụ chú thư mục | |
| Phụ chú về thư mục | Includes bibliographical references. |
| 653 #0 - Thuật ngữ chủ đề không kiểm soát | |
| Từ khóa | Korean literature |
| 653 #0 - Thuật ngữ chủ đề không kiểm soát | |
| Từ khóa | History and criticism |
| 653 #0 - Thuật ngữ chủ đề không kiểm soát | |
| Từ khóa | Popular culture in literature |
| 700 1# - Tiêu đề bổ sung -- Tên cá nhân | |
| Họ tên cá nhân | Yates-Lu, Anna |
| 942 ## - Định dạng tài liệu (KOHA) | |
| Nguồn phân loại | Dewey Decimal Classification |
| Kiểu tài liệu (Koha) | Books |
| Số lần ghi mượn | Ký hiệu phân loại | Đăng ký cá biệt | Cập nhật lần cuối | Số bản sao | Ngày áp dụng giá thay thế | Kiểu tài liệu | Trạng thái mất tài liệu | Nguồn phân loại | Trạng thái hư hỏng | Không cho mượn về | Trạng thái lưu thông | Thư viện sở hữu | Thư viện lưu trữ | Ngày bổ sung |
|---|---|---|---|---|---|---|---|---|---|---|---|---|---|---|
| 04 895.709 | DL00000009 | 09/05/2024 | 1 | 09/05/2024 | Sách giáo khoa | Dewey Decimal Classification | Sẵn sàng lưu thông | Trường K12_01 | Trường K12_01 | 09/05/2024 |
